000
00365nam a2200169Ia 4500
100
_a
Jayaraman/S
650
_a
image processing
942
_c
BK
366
_f
25
654
_a
image processing
245
_a
Digital Image Processing
260
_b
Tata Mc Graw hill Ltd.
_c
2009
082
_a
621.367
_b
JAY
300
_a
723
546
_a
ENGLISH
999
_c
31384
_d
31384